000 00362nam a2200145Ia 4500
003 LK-CoDNM
008 010623t1969 xxu||||| |||| 00| 1 eng d
040 _aLK-CoDNM
_dLK-CoDNM
_eLK-CoDNM
041 _aeng
080 _aT 22
245 _aThe Times of Ceylon annual,1969
260 _bTimes of Ceylon
_aColombo
_c1969
300 _bill,pl., 29 cm
942 _cBK
999 _c107857
_d107857